000 02318cam a22001934a 4500
005 20250605163634.0
008 250528s ||||||||||||||||||||||||d
035 _a23244
020 _a9789604183241
040 _aGR-AtMCL
_bgre
_dGR-AtMCL
_eAACR2
245 1 _aΜηχανική Ρευστών
260 _bΤζιόλα,
_c2018
300 _a446
520 _aΟ παρόν τόμος περιέχει μια εισαγωγή στη Μηχανική Ρευστών όπως αυτή διδάσκεται σήμερα στα Πολυτεχνεία και τις Πολυτεχνικές σχολές των ΑΕΙ. Εισαγωγή, Θεμελιώδεις Αρχές και Έννοιες της Μηχανικής Ρευστών, Ρευστά σε Ισορροπία (Υδροστατική), Διαφορική Ανάλυση Κίνησης Ρευστού, Κινηματικές Έννοιες, Αρχές Διατήρησης Μάζας και Ορμής και Ενέργειας, Στρωτές Ροές Πραγματικών Ρευστών, Ροή Ιδεατών Ρευστών, Ολοκληρωτική Ανάλυση και Χρήση Πεπερασμένων Όγκων Ελέγχου, Διαστατική Ανάλυση και Νόμοι Ομοιότητας, Τυρβώδεις Ροές, Ασυμπίεστα Οριακά Στρώματα, Γενικές Έννοιες και Μέθοδοι Ανάλυσης, Στρωτά Οριακά Στρώματα, Υδροδυναμική Αστάθεια, Τυρβώδη Οριακά Στρώματα, Συστήματα Μονάδων, Φυσικές Σταθερές, Φυσικές Ιδιότητες Ρευστών, Ανασκόπηση Διανυσματικού Λογισμού, Οι Εξισώσεις Διατήρησης Μάζας και Ορμής και Ενέργειας σε Κυλινδρικές Συντεταγμένες, Οι Εξισώσεις Διατήρησης Μάζας και Ορμής Και Ενέργειας σε Σφαιρικές Συντεταγμένες, Διαφορικές Εξισώσεις Τυρβωδών Ροών, Αγγλική Ορολογία, Πίνακας Συμβόλων, Βιβλιογραφία.
700 1 _aΛιακόπουλος Αντώνης
942 _cBK
999 _c8273
_d8273